| 000 | 00383nam a2200145 a 4500 | ||
|---|---|---|---|
| 005 | 20140412111355.0 | ||
| 008 | 101230s19uu xx 00 eng d | ||
| 050 |
_aTR(GS 372.4 _bB35 L.2(IJ) |
||
| 100 | _aBereiter, Carl | ||
| 245 | _aInquiry Journal. | ||
| 260 |
_aOhio : _bMcGrawhill, _c2005. |
||
| 440 | _aSRA Open Court Reading | ||
| 500 | _aTeacher's Edition | ||
| 999 |
_c105397 _d105397 |
||